00229nam a2200109Ia 4500008004100000100001800041245001400059260000800073260000900081546001200090999001700102170619s9999 xx 000 0 und d aSamuelson P A 0aEconomics bTMH c2012 aENGLISH c22576d22576